Central Library OPAC University of Rajshahi

Intellectual property law / (Record no. 60130)

MARC details
000 -LEADER
fixed length control field 01156nam a2200301 a 4500
001 - CONTROL NUMBER
control field 60130
003 - CONTROL NUMBER IDENTIFIER
rucl marc code BD-RjUL
005 - DATE AND TIME OF LATEST TRANSACTION
control field 20211209080816.0
008 - FIXED-LENGTH DATA ELEMENTS--GENERAL INFORMATION
fixed length control field 161228s2003 enka b 001 0 eng
020 ## - INTERNATIONAL STANDARD BOOK NUMBER
International Standard Book Number 0198763433 (pbk.)
035 ## - SYSTEM CONTROL NUMBER
System control number (BD-RjUL)60254
040 ## - CATALOGING SOURCE
Original cataloging agency DLC
Transcribing agency DLC
Modifying agency DLC
Language of cataloging eng
041 ## - LANGUAGE CODE
Language code of text/sound track or separate title eng
082 00 - DEWEY DECIMAL CLASSIFICATION NUMBER
Classification number 346.0480941
Author mark and year BEI 2003
100 1# - MAIN ENTRY--PERSONAL NAME
Personal name Bently, Lionel,
Dates associated with a name 1964-
9 (RLIN) 178978
245 10 - TITLE STATEMENT
Title Intellectual property law /
Statement of responsibility, etc. Lionel Bently and Brad Sherman.
250 ## - EDITION STATEMENT
Edition statement 1st Indian ed.
260 ## - PUBLICATION, DISTRIBUTION, ETC. (IMPRINT)
Place of publication, distribution, etc. Oxford ;
-- New York :
Name of publisher, distributor, etc. Oxford University Press,
Date of publication, distribution, etc. 2003
300 ## - PHYSICAL DESCRIPTION
Pagination lxxxiii, 1051 p. :
Illustrations ill. ;
Size 25 cm.
504 ## - BIBLIOGRAPHY, ETC. NOTE
Bibliography, etc Includes bibliographical references and index.
650 #0 - SUBJECT ADDED ENTRY--TOPICAL TERM
Topical term or geographic name as entry element Intellectual property
Geographic subdivision Great Britain.
9 (RLIN) 174413
700 1# - ADDED ENTRY--PERSONAL NAME
Personal name Sherman, Brad.
856 42 - ELECTRONIC LOCATION AND ACCESS
Materials specified Publisher description
Uniform Resource Identifier <a href="http://www.loc.gov/catdir/enhancements/fy0639/2001050076-d.html">http://www.loc.gov/catdir/enhancements/fy0639/2001050076-d.html</a>
Materials specified Table of contents only
Uniform Resource Identifier <a href="http://www.loc.gov/catdir/enhancements/fy0639/2001050076-t.html">http://www.loc.gov/catdir/enhancements/fy0639/2001050076-t.html</a>
Materials specified Contributor biographical information
Uniform Resource Identifier <a href="http://www.loc.gov/catdir/enhancements/fy0725/2001050076-b.html">http://www.loc.gov/catdir/enhancements/fy0725/2001050076-b.html</a>
942 ## - ADDED ENTRY ELEMENTS (KOHA)
Source of classification or shelving scheme Dewey Decimal Classification
Koha item type Books
Holdings
Lost status Source of classification or shelving scheme Damaged status Not for loan Collection code Permanent Location Current Location Shelving location Date acquired Source of acquisition Cost, normal purchase price Total Checkouts Full call number Date last seen Copy number Koha item type
  Dewey Decimal Classification   Not For Loan Non-fiction Central Library, University of Rajshahi Central Library, University of Rajshahi Reading Room 22/01/2009 Paragogn Enterprise, Dhaka 310.00   346.0480941 BEI 2003 28/12/2016 C-1 Books